[Event "Moscow Aeroflot op-C"]
[Site "Moscow"]
[Date "2006.02.12"]
[Round "6"]
[White "Tarasova, Viktoriya"]
[Black "Tjurin, Alexander P"]
[Result "1/2-1/2"]
[WhiteElo "2276"]
[BlackElo "2344"]
[PlyCount "33"]
[EventDate "2006.02.07"]
[EventType "swiss"]
[EventRounds "9"]
[EventCountry "RUS"]
[SourceTitle "EXT 2007"]
[Source "ChessBase"]
[SourceDate "2006.11.23"]
[SourceVersion "1"]
[SourceVersionDate "2006.11.23"]
[SourceQuality "1"]

1. c4 e5 2. Nc3 Nf6 3. e4 Bc5 4. g3 d6 5. h3 Nc6 6. Bg2 a6 7. a3 Be6 8. d3 b5 9. Nd5 Nd4 10. Be3 bxc4 11. dxc4 c6 12. Nxf6+ Qxf6 13. Rc1 0-0 14. b4 Bb6 15. Nf3 c5 16. Nd2 Rab8 17. Qa4 1/2-1/2

[Event "Moscow Aeroflot op-C"]
[Site "Moscow"]
[Date "2006.02.10"]
[Round "4"]
[White "Belenov, Dmitry N"]
[Black "Tjurin, Alexander P"]
[Result "1/2-1/2"]
[WhiteElo "2387"]
[BlackElo "2344"]
[PlyCount "107"]
[EventDate "2006.02.07"]
[EventType "swiss"]
[EventRounds "9"]
[EventCountry "RUS"]
[SourceTitle "EXT 2007"]
[Source "ChessBase"]
[SourceDate "2006.11.23"]
[SourceVersion "1"]
[SourceVersionDate "2006.11.23"]
[SourceQuality "1"]

1. d4 f5 2. g3 Nf6 3. Bg2 e6 4. Nh3 d5 5. 0-0 Bd6 6. Bf4 0-0 7. Nd2 c6 8. c4 Be7 9. Qc2 Nh5 10. Nf3 Nd7 11. Bd2 Bd6 12. Nf4 Qe8 13. c5 Bc7 14. Nxh5 Qxh5 15. Bf4 Bxf4 16. gxf4 Rf6 17. h3 Rh6 18. b4 Nf6 19. a4 Bd7 20. Ne5 Rf8 21. Ra3 Qh4 22. Qd2 Be8 23. Rb1 a6 24. Rb2 Ne4 25. Bxe4 fxe4 26. Rg3 Rxf4 27. Rb1 Rhf6 28. Qe3 Rf8 29. Rf1 R4f5 30. a5 Qf4 31. Qxf4 Rxf4 32. e3 R4f5 33. f4 exf3 34. Rgxf3 g5 35. Rxf5 exf5 36. h4 h6 37. hxg5 hxg5 38. Nf3 g4 39. Ne5 Kg7 40. Kg2 Rh8 41. Rxf5 Rh4 42. Rf4 Bh5 43. e4 dxe4 44. Rxe4 Kf6 45. Re3 Bf7 46. Nxf7 Kxf7 47. Re4 Rh3 48. Rxg4 Rb3 49. d5 cxd5 50. Kf2 Kf6 51. Ke2 Ke5 52. Kd2 d4 53. Rg6 Rxb4 54. c6 1/2-1/2